000 01809nam0a2200385 4500
001 RU\NLR\bibl\1127419
005 20260406024124.0
010 _a978-5-94275-339-9
_9500
021 _aRU
_b2007-51026
_92698
035 _a(nilc)RSL-KNO-003151608
035 _a(NLR Aleph) 001114353
090 _a1258160
_c1258160
100 _a20070813d2007 |||y0rusy50 ca
101 0 _arus
102 _aRU
105 _ay zzzz|||||
200 1 _aАналитические и процедурные модели компоновки оборудования промышленных производств
_fС. Я. Егоров
210 _aМосква
_cИзд-во Машиностроение-1
_d2007
215 _a103, [1] с.
_cил., табл.
_d21
313 _aхимических пр-в
320 _aБиблиогр. в конце кн.
606 1 _aХимическое оборудование
_xКомпоновка
_92486226
_3RU\NLR\auth\661475537
610 0 _aХимическая технология. Химические производства -- Предприятия -- Проектирование предприятий -- Автоматизация
610 0 _aхимико-технологические схемы
610 0 _aмногоассортиментные химические производства
610 0 _aкомпоновка химических производств
686 _aЛ10-4-02-5-05,0
_2rubbk
686 _aЛ11-5-02
700 1 _4070
_8rus
_7ca
_aЕгоров
_bС. Я.
_cд-р техн. наук
_f1955-
_gСергей Яковлевич
_3RU\NLR\auth\77125678
_9108603
801 0 _aRU
_bРКП
_c20070813
_grcr
801 1 _aRU
_bРГБ
_c20070813
801 2 _aRU
_bNLR
_c20070912
_grcr
942 _cBOOK
980 _aNB